| Tag |
First Indicator |
Second Indicator |
Subfields |
| LEADER |
00000cam a2200000 a 4500 |
| 001 |
in00002052221 |
| 005 |
20151101064106.0 |
| 008 |
870612s1987 ctu b 000 0 eng |
| 010 |
|
|
|a 87017704
|
| 020 |
|
|
|a 088208223X (pbk.) :
|c $7.95
|
| 020 |
|
|
|a 0865430586 (Africa World Press)
|
| 035 |
|
|
|a (OCoLC)ocm16086128
|
| 040 |
|
|
|a DLC
|c DLC
|d OCL
|d TXA
|d UtOrBLW
|
| 041 |
1 |
|
|a eng
|h fre
|
| 043 |
|
|
|a fb-----
|
| 049 |
|
|
|a TXAM
|
| 050 |
0 |
0 |
|a HC800
|b .D5413 1987
|
| 082 |
0 |
0 |
|a 330.967
|2 19
|
| 100 |
1 |
|
|a Diop, Cheikh Anta.
|
| 240 |
1 |
0 |
|a Fondements économiques et culturels d'un état fédéral d'Afrique noire.
|l English
|
| 245 |
1 |
0 |
|a Black Africa :
|b the economic and cultural basis for a federated state /
|c Cheikh Anta Diop ; translated by Harold J. Salemson.
|
| 250 |
|
|
|a New expanded ed.
|
| 264 |
|
1 |
|a Westport, Conn. :
|b L. Hill ;
|a Trenton, N.J. :
|b Africa World Press,
|c 1987.
|
| 300 |
|
|
|a 125 pages ;
|c 21 cm.
|
| 336 |
|
|
|a text
|b txt
|2 rdacontent
|
| 337 |
|
|
|a unmediated
|b n
|2 rdamedia
|
| 338 |
|
|
|a volume
|b nc
|2 rdacarrier
|
| 500 |
|
|
|a Translation of: Les fondements économiques et culturels d'un état fédéral d'Afrique noire.
|
| 500 |
|
|
|a "Africa World Press edition."
|
| 504 |
|
|
|a Bibliography: page 90.
|
| 651 |
|
0 |
|a Africa, Sub-Saharan
|x Economic conditions.
|
| 651 |
|
0 |
|a Africa, Sub-Saharan
|x Civilization.
|
| 650 |
|
0 |
|a Pan-Africanism.
|
| 651 |
|
0 |
|a Africa, Sub-Saharan
|x Politics and government.
|
| 650 |
|
0 |
|a Industries
|z Africa, Sub-Saharan.
|
| 650 |
|
0 |
|a Power resources
|z Africa, Sub-Saharan.
|
| 994 |
|
|
|a C0
|b TXA
|
| 948 |
|
|
|a cataloged
|b h
|c 2005/5/9
|d c
|e tmweaver
|f 5:07:09 pm
|
| 999 |
|
|
|a MARS
|
| 999 |
f |
f |
|s 4bb813e7-4e17-31ee-9236-fb5536cc7cbe
|i 9e24623b-c785-3af7-a1a0-1e7a25a47ddc
|t 0
|
| 952 |
f |
f |
|p noncirc
|a Texas A&M University
|b College Station
|c Cushing Memorial Library & Archives
|d Cushing: Area Studies/Africana (Does not check out)
|t 0
|e HC800 .D5413 1987
|h Library of Congress classification
|i unmediated -- volume
|
| 998 |
f |
f |
|a HC800 .D5413 1987
|t 0
|l Cushing: Area Studies/Africana (Does not check out)
|